| 000 | 00670cab a2200229 4500 | ||
|---|---|---|---|
| 001 | ABS58507 | ||
| 008 | 090401t1998 xxu||||| |||| 00| 0 eng d | ||
| 035 | _a(Sirsi) u85213 | ||
| 041 | _aeng | ||
| 245 | _aAlternative land use | ||
| 260 | _c1998 | ||
| 350 | _a0 | ||
| 490 |
_aFarm Development Review _v12(4) February 1998, (8) |
||
| 520 | _aThis issue looks at prospects for Christmas trees, off-road racing franchises, Kent food promotions, residential planning success, and waste lagoons. | ||
| 650 | _aCHRISTMAS TREES | ||
| 650 | _aKENT | ||
| 650 | _aRURAL PLANNING | ||
| 650 | _aWASTE | ||
| 690 | _aRURAL PRACTICE | ||
| 942 | _n0 | ||
| 948 | _c26/03/1998 | ||
| 999 |
_c53558 _d53558 |
||